000 00476nam a2200193Ia 4500
005 20240823031029.0
008 240823s9999||||xx |||||||||||||| ||und||
020 _a978-81-8431-323-9
041 _aENGLISH
082 _A621.37 Q1
100 _aBakshi U A and Bakshi V U
245 0 _aMeasurements and Instrumentation
250 _a2nd
260 _c2011
_b"Technical,Ch"
_aPune
500 _aYES
650 _aMeasurement
_bElectrical
942 _cBK
999 _c190107
_d190107